000 00471nam a2200181Ia 4500
001 20394
005 20260306172803.0
008 260306t2005||||xx |||||||||||||| ||spa||
041 _aESP
082 _a343.2C13
_bG96 2015 T. 3
100 _aGutierrez, Walter
_eAUT
245 0 _aLa constitución comentada:
_banálisis artículo por artículo
260 _c2005
300 _a1013 páginas :
_c25 cm.
650 _aGEN
654 _aCDE
942 _cLIB
_dJUS
_fJUS
_2ddc
_n
999 _c20394
_d20394